| 000 | 00714nam a22002177a 4500 | ||
|---|---|---|---|
| 999 |
_c159443 _d159443 |
||
| 005 | 20181218113841.0 | ||
| 010 | _aENG-124563 | ||
| 020 |
_a9789353163020 _c950.00 |
||
| 035 | _aEN-108095 | ||
| 037 | _bDBAD/PUB. | ||
| 082 | _a621.382 | ||
| 100 | _aProakis, John G. | ||
| 245 |
_aDigital communications/ _cby John G. Proakis [and] Masoud Salehi |
||
| 250 | _a5th edn. | ||
| 260 |
_bTata McGraw Hill _c2018 _aChennai |
||
| 270 |
_a444,/1, Sri Ekambara Naicker Industrial Estate, Alapakkam, Porur, _bChennai _e600116 |
||
| 300 |
_axviii, 1150p. _c25cm(pbk) _bill. |
||
| 500 | _aIt includes references, bibliography and index | ||
| 700 | _a Salehi, Masoud | ||
| 942 |
_2ddc _cEN _mPRO _h621.382 |
||